Catálogo de la Biblioteca Horacio González - Universidad Nacional de General Sarmiento

Los 400 golpes = Les quatre cents coups (Registro nro. 54028)

Detalles MARC
000 -CABECERA
campo de control de longitud fija 01955ngm a22004330a 4500
001 - NÚMERO DE CONTROL
campo de control PT50887
003 - IDENTIFICADOR DEL NÚMERO DE CONTROL
campo de control AR-LpoUNG
005 - FECHA Y HORA DE LA ÚLTIMA TRANSACCIÓN
campo de control 20210202000040.0
007 - CAMPO FIJO DE DESCRIPCIÓN FÍSICA--INFORMACIÓN GENERAL
campo de control de longitud fija vd cvaizq
008 - DATOS DE LONGITUD FIJA--INFORMACIÓN GENERAL
campo de control de longitud fija 191001s2011||||ag |||||||||||||||||fre d
037 ## - FUENTE DE ADQUISICIÓN
Condiciones de disponibilidad $3,50
040 ## - FUENTE DE LA CATALOGACIÓN
Centro catalogador/agencia de origen AR-LpoUNG
Lengua de catalogación spa
Centro/agencia transcriptor AR-LpoUNG
Normas de descripción aacr
041 ## - CÓDIGO DE LENGUA
Código de lengua del texto/banda sonora o título independiente fre
-- spa
044 ## - CÓDIGO DEL PAÍS DE LA ENTIDAD EDITORA/PRODUCTORA
Código MARC del país ag
082 0# - NÚMERO DE LA CLASIFICACIÓN DECIMAL DEWEY
Número de clasificación 305.235 859cua
100 1# - ENTRADA PRINCIPAL--NOMBRE DE PERSONA
Nombre de persona Truffaut, François
Término indicativo de función/relación dir.
245 14 - MENCIÓN DE TÍTULO
Título Los 400 golpes = Les quatre cents coups
260 ## - PUBLICACIÓN, DISTRIBUCIÓN, ETC.
Lugar de publicación, distribución, etc. Buenos Aires :
Nombre del editor, distribuidor, etc. GLD,
Fecha de publicación, distribución, etc. 2011.
300 ## - DESCRIPCIÓN FÍSICA
Extensión DVD (94 min.) : son., byn
505 0# - NOTA DE CONTENIDO CON FORMATO
Nota de contenido con formato Hecha en 1959. Guión: Marcel Moussy, François Truffaut. Música: Jean Constantín. Protagonistas: Jean-Pierre Léaud, Claire Maurier, Albert Rémy, Guy Decomble. Subtítulos en español. Nominada al Oscar 1959: mejor guión original. Festival de Cannes 1959: mejor director. New York Film Festival 1959: mejor film extranjero.
520 ## - SUMARIO, ETC.
Sumario, etc. Con sólo doce años, Antoine Doinel se ve obligado no sólo a ser testigo de los problemas conyugales que sus padres no se atreven a afrontar, sino también a soportar las exigencias de un severo profesor. Un día, asustado porque no ha cumplido un castigo que el maestro le ha impuesto, decide hacer novillos con su amigo René. Inesperadamente, ve a su madre en compañía de otro hombre; la culpa y el miedo lo arrastran a una serie de mentiras que poco a poco van calando en su ánimo. Deseando dejar atrás todos sus problemas, sueña con conocer el mar y traza con René un plan para escaparse.
650 #4 - PUNTO DE ACCESO ADICIONAL DE MATERIA--TÉRMINO DE MATERIA
Término de materia o nombre geográfico como elemento de entrada ADOLESCENTES
650 #4 - PUNTO DE ACCESO ADICIONAL DE MATERIA--TÉRMINO DE MATERIA
Término de materia o nombre geográfico como elemento de entrada ENSEÑANZA
650 #4 - PUNTO DE ACCESO ADICIONAL DE MATERIA--TÉRMINO DE MATERIA
Término de materia o nombre geográfico como elemento de entrada FAMILIA
650 #4 - PUNTO DE ACCESO ADICIONAL DE MATERIA--TÉRMINO DE MATERIA
Término de materia o nombre geográfico como elemento de entrada INFANCIA
650 #4 - PUNTO DE ACCESO ADICIONAL DE MATERIA--TÉRMINO DE MATERIA
Término de materia o nombre geográfico como elemento de entrada MAESTROS DE PRIMARIA
650 #4 - PUNTO DE ACCESO ADICIONAL DE MATERIA--TÉRMINO DE MATERIA
Término de materia o nombre geográfico como elemento de entrada MATRIMONIO
650 #4 - PUNTO DE ACCESO ADICIONAL DE MATERIA--TÉRMINO DE MATERIA
Término de materia o nombre geográfico como elemento de entrada NIÑOS
650 #4 - PUNTO DE ACCESO ADICIONAL DE MATERIA--TÉRMINO DE MATERIA
Término de materia o nombre geográfico como elemento de entrada RELACIONES HUMANAS
651 #4 - PUNTO DE ACCESO ADICIONAL DE MATERIA--NOMBRE GEOGRÁFICO
Nombre geográfico Francia
653 ## - TÉRMINO DE INDIZACIÓN--NO CONTROLADO
Término no controlado CINE CLASICO
653 ## - TÉRMINO DE INDIZACIÓN--NO CONTROLADO
Término no controlado CINE FRANCES
653 ## - TÉRMINO DE INDIZACIÓN--NO CONTROLADO
Término no controlado DVD
653 ## - TÉRMINO DE INDIZACIÓN--NO CONTROLADO
Término no controlado NOUVELLE VAGUE
653 ## - TÉRMINO DE INDIZACIÓN--NO CONTROLADO
Término no controlado PELICULA DE CULTO
653 ## - TÉRMINO DE INDIZACIÓN--NO CONTROLADO
Término no controlado VIDEOS
905 ## - ELEMENTOS DE DATOS E LOCAL, LDE (RLIN)
a 50887
942 ## - ELEMENTOS DE PUNTO DE ACCESO ADICIONAL (KOHA)
Tipo de ítem Koha DVD
Existencias
Estado de retiro Estado de pérdida Estado dañado No para préstamo Código de colección Localización permanente Ubicación/localización actual Fecha de adquisición Total de préstamos Signatura topográfica completa Código de barras Fecha visto por última vez Precio válido a partir de Tipo de ítem Koha Fecha del último préstamo
        Colección Cine Biblioteca Universidad Nacional de General Sarmiento Biblioteca Universidad Nacional de General Sarmiento 02/02/2021   305.235 859cua 00055805 02/02/2021 02/02/2021 DVD  
        Colección Cine Biblioteca Universidad Nacional de General Sarmiento Biblioteca Universidad Nacional de General Sarmiento 02/02/2021   305.235 859cua 00055806 02/02/2021 02/02/2021 DVD  
        Colección Cine Biblioteca Universidad Nacional de General Sarmiento Biblioteca Universidad Nacional de General Sarmiento 02/02/2021 1 305.235 859cua 00055808 25/10/2023 02/02/2021 DVD 11/10/2023